Cerucal alkalmazásával szerzett tapasztalataink a klinikai gyakorlatban

Elmentve itt :
Bibliográfiai részletek
Szerzők: Wittmann Tibor
Varró Vince
Dokumentumtípus: Cikk
Megjelent: 1983
Sorozat:GYÓGYSZEREINK (1950) 33
Tárgyszavak:
mtmt:1301064
Online Access:http://publicatio.bibl.u-szeged.hu/33330
LEADER 00680nab a2200205 i 4500
001 publ33330
005 20250528125621.0
008 250528s1983 hu o 000 hun d
022 |a 0434-9784 
024 7 |a 1301064  |2 mtmt 
040 |a SZTE Publicatio Repozitórium  |b hun 
041 |a hun 
100 1 |a Wittmann Tibor 
245 1 0 |a Cerucal alkalmazásával szerzett tapasztalataink a klinikai gyakorlatban  |h [elektronikus dokumentum] /  |c  Wittmann Tibor 
260 |c 1983 
300 |a 163-167 
490 0 |a GYÓGYSZEREINK (1950)  |v 33 
650 4 |a Klinikai orvostan 
700 0 1 |a Varró Vince  |e aut 
856 4 0 |u http://publicatio.bibl.u-szeged.hu/33330/1/aok_klny_977_83.pdf  |z Dokumentum-elérés